000 00983pam a2200265 a 4500
001 1897780
003 NUST-PNEC
005 20170116180705.0
008 841214s1985 nyua 001 0 eng
010 _a 84028929
020 _a007028735X
040 _aDLC
_cPNEC
050 0 0 _aTA332
_b.S73 1985
082 0 0 _a620.00212 HIC
_219
100 _9331
_aHicks, Tyler G.
245 0 0 _aStandard handbook of engineering calculations /
_cTyler G. Hicks, editor ; S. David Hicks, coordinating editor.
250 _a2nd ed.
260 _aNew York :
_bMcGraw-Hill,
_cc1985.
300 _a1 v. (various pagings) :
_bill. ;
_c24 cm.
500 _aIncludes index http://www.amazon.com/Standard-Handbook-Engineering-Calculations-Tyler/dp/007028735X/ref=sr_1_1?s=books&ie=UTF8&qid=1411361621&sr=1-1&keywords=007028735x
650 0 _aEngineering mathematics
_xEE, EL, ME
700 1 _aHicks, Tyler Gregory,
_d1921-
906 _a7
_bcbc
_corignew
_d1
_eocip
_f19
_gy-gencatlg
942 _2ddc
_cBK
999 _c60706
_d60706